| 000 | 00638nam a2200193Ia 4500 | ||
|---|---|---|---|
| 003 | GCL | ||
| 008 | 140319s9999 xx 000 0 ara d | ||
| 020 | _a3765998977 | ||
| 040 |
_aGCL / _cGCL |
||
| 082 | 0 | 4 |
_a004.678 _bت د |
| 100 | 1 | _aترنر، مرسيا | |
| 245 | 1 | 0 |
_aالدليل العالمى لمواقع الانترنت / _cترنر، مرسيا |
| 250 | _aالاولى | ||
| 260 |
_aالقاهرة : _bدار الفاروق للنشر والتوزيع ، _c2000 |
||
| 300 |
_a1128 ص ؛ _c24 سم |
||
| 650 | 0 | 4 | _aنظم المعلومات |
| 650 | 0 | 4 | _aشبكات المكتبات والمعلومات |
| 942 |
_2ddc _cBK |
||
| 999 |
_c1072 _d1072 |
||